Mạng số liên kết dịch vụ băng rộng ATM
Giới thiệu tổng quát về mạng ATM và các kỹ thuật, Quản lý lưu lượng và điều khiển tắc nghẽn, quản lý lưu thông ABR, các giải thuật điều khiển tắc ngẽn trong mạch ATM, tránh tắc ngẽn OSU, giải thuật ERICA và ARICA +...
Đã lưu trong:
| Hovedforfatter: | |
|---|---|
| Format: | Bog |
| Sprog: | Undetermined |
| Udgivet: |
Thành phố Hồ Chí Minh
Đại học Quốc gia Thành phố Hồ Chí Minh
2004
|
| Fag: | |
| Tags: |
Tilføj Tag
Ingen Tags, Vær først til at tagge denne postø!
|
| Thư viện lưu trữ: | Trung tâm Học liệu Trường Đại học Cần Thơ |
|---|
| LEADER | 00974nam a2200205Ia 4500 | ||
|---|---|---|---|
| 001 | CTU_101465 | ||
| 008 | 210402s9999 xx 000 0 und d | ||
| 020 | |c 21500 | ||
| 082 | |a 004.66 | ||
| 082 | |b L305 | ||
| 100 | |a Phạm, Hồng Liên | ||
| 245 | 0 | |a Mạng số liên kết dịch vụ băng rộng ATM | |
| 245 | 0 | |c Phạm Hồng Liên | |
| 260 | |a Thành phố Hồ Chí Minh | ||
| 260 | |b Đại học Quốc gia Thành phố Hồ Chí Minh | ||
| 260 | |c 2004 | ||
| 520 | |a Giới thiệu tổng quát về mạng ATM và các kỹ thuật, Quản lý lưu lượng và điều khiển tắc nghẽn, quản lý lưu thông ABR, các giải thuật điều khiển tắc ngẽn trong mạch ATM, tránh tắc ngẽn OSU, giải thuật ERICA và ARICA + | ||
| 650 | |a Internet working ( telecommunication ) | ||
| 904 | |i Tuyến | ||
| 980 | |a Trung tâm Học liệu Trường Đại học Cần Thơ | ||